[Event "VIII MIEDZYNARODOWY TURNIEJ SZACHOWY - GORA SW. ANNY - Open B"]
[Site "GORA SW. ANNY"]
[Date "1899-12-30"]
[Round "4.1"]
[White "Kokoszczynski, Jan"]
[Black "Wielosz, Jaroslaw"]
[Result "1/2-1/2"]
[WhiteTitle "I"]
[BlackTitle "I"]
[WhiteElo "1765"]
[BlackElo "1939"]

1. e4 e5 2. Nf3 Nc6 3. Bc4 Bc5 4. c3 Nf6 5. d4 exd4 6. cxd4 Bb4+ 7. Bd2 Bxd2+ 8.
Nbxd2 d5 9. exd5 Nxd5 10. Qb3 Na5 11. Qa4+ Nc6 12. Qb3 Nce7 13. O-O O-O 14. Ne5
c6 15. Rfe1 Qb6 16. Qxb6 axb6 17. Ne4 Rd8 18. Bb3 Bf5 19. f3 Kf8 20. Rad1 f6 21.
Nc4 Nc8 22. Kf2 Bg6 23. g3 h6 24. Rd2 Bf7 25. h3 f5 26. Ne5 fxe4 27. fxe4 Be6
28. exd5 Bxd5 29. Ng6+ Kf7 30. Ne5+ Kg8 31. Bxd5+ Rxd5 32. a3 Nd6 33. Kg2 Kh7
34. Nf3 Nc4 35. Rc2 b5 36. Re7 Rad8 37. Rce2 R8d7 38. Re8 Rd8 39. R8e7 R5d7 40.
R7e6 Rf8 41. h4 Rdf7 42. Ne1 Rf5 43. Re7 R8f7 44. R7e6 R5f6 45. Rxf6 Rxf6 46.
Nf3 Rf7 47. g4 Rd7 48. Kg3 Nb6 49. Re8 Nd5 50. Ne5 Re7 51. Rd8 g6 52. Rd7 Kg7
53. Rxe7+ Nxe7 54. Kf4 Nd5+ 55. Ke4 Nf6+ 56. Kf4 Nd5+ 57. Ke4 1/2-1/2

[Event "VIII MIEDZYNARODOWY TURNIEJ SZACHOWY - GORA SW. ANNY - Open B"]
[Site "GORA SW. ANNY"]
[Date "1899-12-30"]
[Round "4.2"]
[White "Trepkowski, Piotr"]
[Black "Smal, Tobiasz"]
[Result "0-1"]
[WhiteTitle "I"]
[BlackTitle "I++"]
[WhiteElo "1772"]
[BlackElo "1994"]

1. e4 e5 2. Nf3 Nc6 3. Nc3 Nf6 4. Bb5 d6 5. d3 h6 6. Bxc6+ bxc6 7. O-O Bd7 8. Ne2
g6 9. Ng3 Bg7 10. h3 O-O 11. Be3 Kh7 12. Qd2 Ng8 13. Nh2 Qh4 14. Nh1 f5 15. f4
fxe4 16. dxe4 exf4 17. Rxf4 Rxf4 18. Bxf4 Bxb2 19. Nf3 Qe7 20. Rb1 Rb8 21. Nf2
Bc3 22. Qd1 Rb5 23. Rxb5 cxb5 24. Qd5 Nf6 25. Qb7 Ba5 26. e5 dxe5 27. Bxe5 Bb6
28. c3 Be6 29. Qa8 Bxa2 30. h4 Bxf2+ 31. Kxf2 Ng4+ 0-1

[Event "VIII MIEDZYNARODOWY TURNIEJ SZACHOWY - GORA SW. ANNY - Open B"]
[Site "GORA SW. ANNY"]
[Date "1899-12-30"]
[Round "4.3"]
[White "Tabola, Marcin"]
[Black "Marchewka, Jakub"]
[Result "1/2-1/2"]
[WhiteTitle "I++"]
[BlackTitle "I"]
[WhiteElo "1986"]
[BlackElo "1848"]

1. Nf3 d5 2. d4 Nf6 3. c4 Nc6 4. Nc3 a6 5. cxd5 Nxd5 6. e4 Nxc3 7. bxc3 e6 8. a4
Bd6 9. e5 Be7 10. Bd3 b6 11. h4 Bb7 12. Rh3 Qd7 13. Rg3 g6 14. Bg5 O-O-O 15. Qe2
a5 16. Bb5 Bxg5 17. Nxg5 Kb8 18. Qc4 Rdf8 19. Ne4 Qd5 20. Qxd5 exd5 21. Nf6 Rd8
22. h5 Ne7 23. Rf3 c6 24. Bd3 Bc8 25. Kd2 Be6 26. Rh1 Kc7 27. g4 Rdf8 28. Rfh3
g5 29. Nxh7 Rfg8 30. Nf6 Rb8 31. Rb1 Ng8 32. Nxg8 Rbxg8 33. h6 Bxg4 34. Rg3 Be6
35. h7 Rg7 36. Rbg1 g4 37. f3 Rgxh7 38. Bxh7 Rxh7 39. fxg4 b5 40. Kc2 Rh8 41.
Ra1 Rh4 42. axb5 cxb5 43. Rxa5 Kb6 44. Ra1 Bxg4 45. Rf1 Be6 46. Rg7 b4 47. Rgxf7
Bxf7 48. Rxf7 bxc3 49. Kxc3 Kb5 50. Rc7 Rh3+ 51. Kd2 Rh2+ 52. Ke3 Rh3+ 53. Kf2
Kb6 54. Rc5 Ra3 55. e6 Ra7 56. Rxd5 Kc6 57. Rd8 Re7 58. d5+ Kc7 59. Rh8 Kd6 60.
Rh5 Ra7 61. Rf5 Ra3 62. Rf7 Kxd5 63. e7 Ra2+ 64. Kf3 Ra3+ 65. Kf4 Ra4+ 66. Kf5
Re4 67. Rh7 Re6 68. Rg7 Re2 69. Rf7 Kd6 70. Kf6 Re6+ 71. Kg7 Rxe7 72. Rxe7 Kxe7
1/2-1/2

[Event "VIII MIEDZYNARODOWY TURNIEJ SZACHOWY - GORA SW. ANNY - Open B"]
[Site "GORA SW. ANNY"]
[Date "1899-12-30"]
[Round "4.4"]
[White "Bartoszewicz, Marcin"]
[Black "Krawiecki, Stanislaw"]
[Result "1/2-1/2"]
[WhiteTitle "I+"]
[BlackTitle "I"]
[WhiteElo "1968"]
[BlackElo "1814"]

1. e4 e5 2. Nf3 Nc6 3. Bb5 Nd4 4. Nxd4 exd4 5. d3 Bc5 6. O-O c6 7. Bc4 d5 8. exd5
cxd5 9. Bb5+ Bd7 10. Bxd7+ Qxd7 11. c3 Ne7 12. cxd4 Bxd4 13. Nc3 O-O 14. Qb3 Bf6
15. Bf4 Rfd8 16. Bg3 Nf5 17. Rfe1 Nd4 18. Qd1 Nb5 19. Qb3 Nd4 20. Qd1 Nb5 21.
Qb3 Nd4 22. Qd1 1/2-1/2

[Event "VIII MIEDZYNARODOWY TURNIEJ SZACHOWY - GORA SW. ANNY - Open B"]
[Site "GORA SW. ANNY"]
[Date "1899-12-30"]
[Round "4.5"]
[White "Pytel, Maciej"]
[Black "Czempiel, Henryk"]
[Result "1-0"]
[WhiteTitle "I"]
[BlackTitle "I"]
[WhiteElo "1728"]
[BlackElo "1979"]

1. e4 e5 2. f4 Qh4+ 3. g3 Qe7 4. d3 d5 5. Bg2 dxe4 6. dxe4 Nc6 7. Nc3 Nf6 8. Nge2
Qc5 9. Nd5 Nb4 10. Nxb4 Qxb4+ 11. c3 Qb6 12. fxe5 Ng4 13. Nd4 Nxe5 14. O-O Bg4
15. Qc2 Bc5 16. Be3 O-O-O 17. b4 Bxd4 18. Bxd4 Rxd4 19. cxd4 Qxd4+ 20. Qf2 Rd8
21. h3 Be2 22. Qxd4 Rxd4 23. Rf2 Bh5 24. Rf5 1-0

[Event "VIII MIEDZYNARODOWY TURNIEJ SZACHOWY - GORA SW. ANNY - Open B"]
[Site "GORA SW. ANNY"]
[Date "1899-12-30"]
[Round "4.6"]
[White "Kalmuk, Krzysztof"]
[Black "Golecki, Jan"]
[Result "1-0"]
[WhiteTitle "I+"]
[BlackTitle "I"]
[WhiteElo "1939"]
[BlackElo "1798"]

1. d4 Nf6 2. Nf3 e6 3. c4 b6 4. Nc3 Bb4 5. Qc2 O-O 6. a3 Bxc3+ 7. Qxc3 Bb7 8. e3
Ne4 9. Qc2 d6 10. Bd3 f5 11. b4 Nd7 12. Bb2 Qe7 13. O-O Rf6 14. d5 exd5 15. Bxf6
Ndxf6 16. cxd5 Bxd5 17. Bc4 Bxc4 18. Qxc4+ Qf7 19. Qc6 Qe8 20. Rac1 Qxc6 21. Rxc6
Nd5 22. Nd4 a5 23. Nxf5 axb4 24. axb4 g6 25. Ng3 Nxb4 26. Rxc7 Nc5 27. Rb1 Nd5
28. Rc6 Rd8 29. Rd1 Nc3 30. Rcxd6 Rf8 31. Re1 N3e4 32. Nxe4 Nxe4 33. Rxb6 Nxf2
34. Rf1 Ng4 35. Rxf8+ Kxf8 36. e4 Kg7 37. Rb7+ 1-0

[Event "VIII MIEDZYNARODOWY TURNIEJ SZACHOWY - GORA SW. ANNY - Open B"]
[Site "GORA SW. ANNY"]
[Date "1899-12-30"]
[Round "4.7"]
[White "Jedrocha, Katarzyna"]
[Black "Oglaza, Oskar"]
[Result "1/2-1/2"]
[WhiteTitle "I++"]
[BlackTitle "I"]
[WhiteElo "1881"]
[BlackElo "1792"]

1. e4 c5 2. c3 d5 3. exd5 Qxd5 4. d4 e6 5. Nf3 Nf6 6. Be3 cxd4 7. cxd4 Nc6 8. Nc3
Qd8 9. Be2 Be7 10. O-O O-O 11. Rc1 Nb4 12. Ne5 Nbd5 13. Bf3 Rb8 14. Qe2 Bd7 15.
Rfd1 Rc8 16. Nxd5 Nxd5 17. Rxc8 Bxc8 18. Rc1 f6 19. Nd3 b6 20. Qc2 Bd7 21. Bxd5
exd5 22. Qc7 Bf5 23. Nf4 g5 24. Ne2 a5 25. Rc6 Qxc7 26. Rxc7 Bd8 27. Rc6 Re8 28.
Rd6 Be6 29. h4 h6 30. Nc3 Bc7 31. Rc6 Bd8 32. Kf1 Kf7 33. Nd1 Ke7 34. hxg5 hxg5
35. Rc3 Bd7 36. f4 Kd6 37. fxg5 fxg5 38. Bf2 Bf5 39. Bg3+ Kd7 40. Be5 Rf8 1/2-1/2

[Event "VIII MIEDZYNARODOWY TURNIEJ SZACHOWY - GORA SW. ANNY - Open B"]
[Site "GORA SW. ANNY"]
[Date "1899-12-30"]
[Round "4.8"]
[White "Karykowska, Anna"]
[Black "Kozaczuk, Witold"]
[Result "1/2-1/2"]
[WhiteTitle "I++"]
[BlackTitle "I"]
[WhiteElo "1605"]
[BlackElo "1877"]

1. e4 c6 2. c4 d5 3. exd5 cxd5 4. cxd5 a6 5. Nc3 Nf6 6. Nf3 g6 7. Be2 Bg7 8. Qb3
O-O 9. O-O Nbd7 10. d4 Nb6 11. Bg5 Nbxd5 12. Nxd5 Nxd5 13. Bc4 Nf6 14. Rad1 b5
15. Be2 Nd5 16. a4 Rb8 17. axb5 axb5 18. Ne5 Qd6 19. Bh4 Be6 20. Bg3 Nf4 21. Qe3
Nxe2+ 22. Qxe2 Qd5 23. h3 Rbc8 24. Rc1 Rfd8 25. Rxc8 Rxc8 26. Rd1 Qb3 27. Rd3
Qd5 28. Rc3 b4 29. Rxc8+ Bxc8 30. Qf3 Qxf3 31. Nxf3 Bb7 32. Ne5 e6 33. Bf4 Bd5
34. Bd2 Bf8 35. Nd3 b3 36. f3 Bd6 37. Kf2 f6 38. Bc3 h5 39. Ke3 g5 40. Nb4 Bb7
41. Nd3 Kf7 42. Kf2 Ke7 43. Ke3 Ba6 44. Nc5 Bc4 45. Nd3 Kd7 46. Nc5+ Kc6 47. Ne4
Bf4+ 48. Kf2 f5 49. g3 Bc1 50. Nd2 Bd5 51. Nf1 Kb5 52. Ne3 f4 53. gxf4 gxf4 54.
Nf1 Kc4 55. Ke2 Bb7 56. Nd2+ Bxd2 57. Bxd2 Kxd4 58. Bxf4 Ba6+ 59. Kd2 Bb7 1/2-1/2

[Event "VIII MIEDZYNARODOWY TURNIEJ SZACHOWY - GORA SW. ANNY - Open B"]
[Site "GORA SW. ANNY"]
[Date "1899-12-30"]
[Round "4.9"]
[White "Sudolski, Sylwester"]
[Black "Kwiatkowska, Agnieszka"]
[Result "1-0"]
[WhiteTitle "II"]
[BlackTitle "I"]
[WhiteElo "1863"]
[BlackElo "1556"]

1. d4 d5 2. c4 e6 3. Nc3 Nf6 4. Nf3 c6 5. e3 Nbd7 6. a3 a6 7. c5 Qc7 8. b4 e5 9.
dxe5 Nxe5 10. Nxe5 Qxe5 11. Qd4 Qxd4 12. exd4 Bf5 13. f3 O-O-O 14. g4 Re8+ 15.
Kf2 Bg6 16. a4 h5 17. g5 Nd7 18. Bh3 Bd3 19. Bf4 Kd8 20. Rhe1 Rxe1 21. Rxe1 g6
22. Bxd7 Kxd7 23. Be5 Rg8 24. Bf6 Bf5 25. b5 Be6 26. bxa6 bxa6 27. Rb1 Bg7 28.
Bxg7 Rxg7 29. Rb7+ Kc8 30. Rb6 Kc7 31. Rxa6 Kb7 32. Rb6+ Kc7 33. Ne2 Bf5 34. Nc3
Rg8 35. Na2 Rb8 36. Rxb8 Kxb8 37. Nb4 Kc7 38. Kg3 Bc8 39. Kf4 Bb7 40. Ke5 Kd7
41. Kf6 Ke8 42. Nd3 Ba6 43. Ne5 Bb7 44. Nxf7 1-0

[Event "VIII MIEDZYNARODOWY TURNIEJ SZACHOWY - GORA SW. ANNY - Open B"]
[Site "GORA SW. ANNY"]
[Date "1899-12-30"]
[Round "4.10"]
[White "Pacan-milej, Kosma"]
[Black "Miszkielo, Bartosz"]
[Result "1-0"]
[WhiteTitle "I"]
[BlackTitle "I"]
[WhiteElo "1840"]
[BlackElo "1736"]

1. d4 Nf6 2. c4 c5 3. d5 e6 4. Nc3 exd5 5. cxd5 d6 6. e4 g6 7. h3 Bg7 8. Nf3 O-O
9. Bd3 Na6 10. O-O Nc7 11. Re1 a6 12. a4 b6 13. Bf4 Rb8 14. Bf1 b5 15. e5 dxe5
16. Nxe5 Bd7 17. Nc6 Bxc6 18. dxc6 Rc8 19. Qxd8 Rfxd8 20. axb5 axb5 21. Ra7 Ncd5
22. c7 1-0

[Event "VIII MIEDZYNARODOWY TURNIEJ SZACHOWY - GORA SW. ANNY - Open B"]
[Site "GORA SW. ANNY"]
[Date "1899-12-30"]
[Round "4.11"]
[White "Guca, Krzysztof"]
[Black "Musiala, Jakub"]
[Result "1-0"]
[WhiteTitle "I"]
[BlackTitle "II"]
[WhiteElo "1820"]
[BlackElo "1536"]

1. Nf3 e6 2. c4 Nf6 3. b3 b6 4. g3 Bb7 5. Bg2 d6 6. O-O Nbd7 7. Bb2 Be7 8. Qc2
O-O 9. Nc3 c5 10. Rad1 a6 11. d4 Qc7 12. e4 e5 13. dxe5 Nxe5 14. Ng5 h6 15. Nh3
Rad8 16. Nf4 Rfe8 17. Rfe1 Bc6 18. Ncd5 Bxd5 19. exd5 Bf8 20. Re2 Ned7 21. Rde1
Qc8 22. Bh3 Rxe2 23. Rxe2 Qc7 24. Qf5 b5 25. Nh5 Nxh5 26. Qxh5 g6 27. Qh4 Ne5
28. Kg2 g5 29. Qe4 h5 30. Bf5 f6 31. Be6+ Kg7 32. f4 gxf4 33. gxf4 Ng6 34. Kh3
Kh6 35. Bxf6 Re8 36. Rg2 Qh7 37. Qf5 Rxe6 38. Qg5# 1-0

[Event "VIII MIEDZYNARODOWY TURNIEJ SZACHOWY - GORA SW. ANNY - Open B"]
[Site "GORA SW. ANNY"]
[Date "1899-12-30"]
[Round "4.12"]
[White "Muzacz, Bartlomiej"]
[Black "Jachym, Adam"]
[Result "0-1"]
[WhiteTitle "II+"]
[BlackTitle "I"]
[WhiteElo "1791"]
[BlackElo "1965"]

1. e4 e5 2. f4 exf4 3. Nf3 g5 4. h4 g4 5. Ne5 d6 6. Nxg4 Nc6 7. Bb5 Nf6 8. Nxf6+
Qxf6 9. d4 Bd7 10. Nc3 Qxd4 11. Bxf4 Bg7 12. Qh5 O-O-O 13. Rd1 Qb4 14. O-O Qxb2
15. Ne2 Qxc2 16. Qxf7 Qc5+ 17. Rf2 Be5 18. Qb3 Nd4 19. Qe3 Bxf4 20. Bxd7+ Rxd7
21. Nxf4 Ne6 22. Qf3 Nxf4 23. Qxf4 Qe5 24. Qg4 h5 25. Qh3 Kd8 26. Qf3 Re7 27.
Rd5 Qxe4 28. Rxh5 Rxh5 29. Qxh5 c6 30. Qa5+ b6 31. Rf8+ Re8 32. Rxe8+ Kxe8 33.
Qxa7 Qe1+ 34. Kh2 Qxh4+ 35. Kg1 Qe1+ 36. Kh2 Qh4+ 37. Kg1 Qd4+ 38. Kh2 Qc5 39.
Kh3 d5 40. Kh4 Qe7+ 41. Qxe7+ Kxe7 42. Kg5 d4 43. Kf4 c5 44. Ke4 Kf6 45. a4 Kg5
46. Kf3 d3 0-1

[Event "VIII MIEDZYNARODOWY TURNIEJ SZACHOWY - GORA SW. ANNY - Open B"]
[Site "GORA SW. ANNY"]
[Date "1899-12-30"]
[Round "4.13"]
[White "Maminski, Hubert"]
[Black "Chylewski, Patryk"]
[Result "0-1"]
[WhiteTitle "II+"]
[BlackTitle "I++"]
[WhiteElo "1654"]
[BlackElo "1994"]

1. d4 Nf6 2. c4 g6 3. Nc3 d5 4. e3 Bg7 5. Nf3 O-O 6. Be2 dxc4 7. Bxc4 c5 8. O-O
cxd4 9. Nxd4 Qc7 10. Qe2 a6 11. Rd1 e5 12. Nf3 e4 13. Nd4 Bg4 14. f3 exf3 15.
gxf3 Bh3 16. Bd2 Nbd7 17. Rac1 Qe5 18. Qf2 Rac8 19. Bb3 Qh5 20. Nce2 Bh6 21. Rc3
Rxc3 22. Nxc3 Re8 23. Nce2 Nc5 24. Bc2 Nd5 25. e4 Bxd2 26. Rxd2 Qg5+ 27. Ng3 Nf4
28. Nde2 Nce6 29. Nd4 Nxd4 30. Qxd4 h5 31. Qe3 Be6 32. Kh1 h4 33. Nf1 Bh3 34.
Qg1 Qa5 35. Qe3 Bxf1 36. Qxf4 h3 37. Qd6 Bg2+ 38. Kg1 Bxf3 39. e5 Qxe5 40. Qxe5
Rxe5 41. Kf2 Rd5 42. Rxd5 Bxd5 0-1

[Event "VIII MIEDZYNARODOWY TURNIEJ SZACHOWY - GORA SW. ANNY - Open B"]
[Site "GORA SW. ANNY"]
[Date "1899-12-30"]
[Round "4.14"]
[White "Bogut, Maksymilian"]
[Black "Kulpinski, Piotr"]
[Result "1/2-1/2"]
[WhiteTitle "II"]
[BlackTitle "I++"]
[WhiteElo "1445"]
[BlackElo "1948"]

1. e4 c6 2. d4 d5 3. e5 Bf5 4. Bd3 Bxd3 5. Qxd3 e6 6. g4 Nd7 7. h4 Ne7 8. h5 c5
9. c3 Qc7 10. Na3 Nc6 11. f4 cxd4 12. Nb5 Qa5 13. Nxd4 Nxd4 14. Qxd4 Rc8 15. Ne2
Qa6 16. Be3 Nc5 17. b4 Nb3 18. Qd1 Nxa1 19. Qxa1 Qa3 20. Bd4 Rc6 21. O-O g6 22.
f5 gxf5 23. gxf5 Rg8+ 24. Kh2 Rg5 25. Ng3 Bxb4 26. Rf3 Bc5 27. Bxc5 Rxc5 28. Qb1
Rxc3 29. Qxb7 Qxa2+ 30. Kh3 Rc2 31. Qb8+ Ke7 32. Qd6+ Ke8 33. Qb8+ Kd7 34. fxe6+
Kc6 35. Qd6+ Kb5 36. Qd7+ Kb6 37. Qd8+ Kb5 38. Qd7+ Kb6 39. Qd8+ 1/2-1/2

[Event "VIII MIEDZYNARODOWY TURNIEJ SZACHOWY - GORA SW. ANNY - Open B"]
[Site "GORA SW. ANNY"]
[Date "1899-12-30"]
[Round "4.15"]
[White "Domanski, Lukasz"]
[Black "Fus, Jakub"]
[Result "1/2-1/2"]
[WhiteTitle "I"]
[BlackTitle "II"]
[WhiteElo "1878"]
[BlackElo "1641"]

1. e4 e6 2. Nf3 d5 3. Nc3 Nf6 4. e5 Nfd7 5. d4 c5 6. dxc5 Nc6 7. Bf4 Bxc5 8. Bd3
a6 9. a3 b5 10. O-O Be7 11. Re1 O-O 12. Qd2 Bb7 13. Ne2 Qb6 14. c3 Rac8 15. Ned4
Nxd4 16. cxd4 b4 17. a4 a5 18. Bg5 Qd8 19. Rac1 Bxg5 20. Nxg5 h6 21. Rxc8 Qxc8
22. Nh7 Re8 23. Nf6+ Nxf6 24. exf6 Qd8 25. fxg7 Qg5 26. Re3 e5 27. Qe2 Rc8 28.
h3 e4 29. Bc2 f5 30. Rg3 Qc1+ 31. Kh2 f4 32. Rg6 f3 33. Qb5 Qxc2 34. Qxb7 Qc7+
35. Qxc7 Rxc7 36. gxf3 Rc2 37. fxe4 dxe4 38. Kg3 Rxb2 39. Ra6 Rb1 40. Kg2 b3 41.
Rxa5 Rb2 42. Kg3 Rb1 43. Rb5 b2 44. Kg2 Kxg7 45. a5 Kf6 46. a6 Ra1 47. Rxb2 Rxa6
48. Kg3 Rd6 49. Rb4 Kf5 50. Rb5+ Kf6 51. Kf4 Rxd4 52. Rb6+ Kg7 53. Kf5 Rd2 54.
Rb7+ Kf8 55. Kxe4 Rxf2 56. Rh7 Rf6 57. Ke5 Ra6 58. Kf5 Kg8 59. Rb7 Rc6 60. Rd7
1/2-1/2

[Event "VIII MIEDZYNARODOWY TURNIEJ SZACHOWY - GORA SW. ANNY - Open B"]
[Site "GORA SW. ANNY"]
[Date "1899-12-30"]
[Round "4.16"]
[White "Pytel, Przemyslaw"]
[Black "Garbowski, Jakub"]
[Result "0-1"]
[WhiteTitle "II+"]
[BlackTitle "I+"]
[WhiteElo "1638"]
[BlackElo "1781"]

1. e4 e5 2. Nf3 Nc6 3. Bc4 Nf6 4. d3 Be7 5. O-O O-O 6. c3 d5 7. exd5 Nxd5 8. Re1
Bf6 9. Nbd2 a6 10. Ne4 Nb6 11. Bb3 h6 12. Be3 Re8 13. h3 Bf5 14. Qe2 Bxe4 15.
dxe4 Qe7 16. Nh2 Na5 17. Ng4 Nxb3 18. Nxf6+ Qxf6 19. axb3 Rad8 20. Rad1 Qe6 21.
c4 Nd7 22. Qc2 Nf6 23. f3 Qe7 24. Rxd8 Rxd8 25. Rd1 Rxd1+ 26. Qxd1 c5 27. Kf2
a5 28. Qa1 b6 29. Qa4 Qd6 30. Ke2 Kf8 31. g4 Nd7 32. Qa1 Nb8 33. Qf1 Nc6 34. Qa1
Nb4 35. Qd1 Qxd1+ 36. Kxd1 g5 37. Kd2 Ke7 38. Bf2 Kd6 39. Kc3 Nc6 40. Be3 Nd4
41. Bf2 Nxf3 42. Kd3 Nd4 43. Kc3 Ne2+ 44. Kd2 Nf4 45. h4 Ng6 46. hxg5 hxg5 47.
Be3 Nf4 48. Kc2 Ke6 49. Kc3 Kf6 50. Kd2 Kg6 51. Bf2 Ne6 52. Bg3 Nd4 53. Kd3 Kf6
54. Bf2 Nxb3 55. Kc3 Nd4 56. Kd3 Nf3 57. Bg3 Ke6 58. Kc3 Nd4 59. Kd3 f6 60. Be1
Nf3 61. Bg3 Kd6 62. Kc3 Kc6 63. b3 Nd4 64. Bf2 b5 65. Kb2 b4 66. Bg3 Kb6 67. Bf2
a4 68. bxa4 Ka5 69. Bg3 Kxa4 70. Bf2 Ka5 71. Be3 Kb6 72. Bf2 Nc6 73. Kc2 Nd8 0-1

[Event "VIII MIEDZYNARODOWY TURNIEJ SZACHOWY - GORA SW. ANNY - Open B"]
[Site "GORA SW. ANNY"]
[Date "1899-12-30"]
[Round "4.17"]
[White "Korcz, Daniel"]
[Black "Strzelecki, Maciej"]
[Result "1-0"]
[WhiteTitle "I+"]
[BlackTitle "II+"]
[WhiteElo "1759"]
[BlackElo "1606"]

1. a3 g6 2. Nf3 Bg7 3. d4 Nf6 4. e3 d5 5. c4 c6 6. Nc3 O-O 7. Bd3 Bg4 8. h3 Bxf3
9. Qxf3 e6 10. O-O Nbd7 11. cxd5 cxd5 12. Bd2 Nb6 13. b3 Rc8 14. Na2 Nfd7 15.
Bb4 Re8 16. Rac1 Qf6 17. Qxf6 Bxf6 18. a4 Rxc1 19. Rxc1 Rc8 20. a5 Rxc1+ 21. Nxc1
Nc8 22. Bb5 Nb8 23. Nd3 a6 24. Ba4 b5 25. axb6 Nxb6 26. Be8 Bg7 27. Bd6 N8d7 28.
Nc5 Nc8 29. Bxd7 Nxd6 30. Nxa6 Bf8 31. b4 Nc4 32. Kf1 Bd6 33. Ke2 Kf8 34. Kd3
Ke7 35. Bb5 Nb6 36. Kc3 e5 37. Nc5 f6 38. Bc6 exd4+ 39. exd4 g5 40. b5 Bc7 41.
Kb4 Kd6 42. Nb7+ Ke6 43. Ka5 Nd7+ 44. Ka6 Nb8+ 45. Ka7 Nxc6+ 46. bxc6 h5 47. Nc5+
Kd6 48. Kb7 g4 49. h4 f5 50. Ne6 1-0

[Event "VIII MIEDZYNARODOWY TURNIEJ SZACHOWY - GORA SW. ANNY - Open B"]
[Site "GORA SW. ANNY"]
[Date "1899-12-30"]
[Round "4.18"]
[White "Milanowski, Jan"]
[Black "Ochenduszko, Bartosz"]
[Result "1/2-1/2"]
[WhiteTitle "I++"]
[BlackTitle "II"]
[WhiteElo "1950"]
[BlackElo "1523"]

1. d4 Nf6 2. Nf3 e6 3. Bf4 d5 4. e3 c5 5. Nbd2 b6 6. Ne5 Nfd7 7. Bb5 a6 8. Bd3
Be7 9. c3 Nxe5 10. Bxe5 O-O 11. Bg3 Nd7 12. O-O f5 13. Qe2 Nf6 14. f3 Bd6 15.
Bf2 Qc7 16. f4 Bd7 17. Nf3 h6 18. Ne5 Bxe5 19. fxe5 Ne4 20. Be1 Ng5 21. b3 b5
22. c4 dxc4 23. bxc4 b4 24. h4 Nf7 25. a3 a5 26. axb4 axb4 27. Qb2 Qb6 28. Bf2
Bc6 29. Rfe1 Bb7 30. Qb3 Qc6 31. Bf1 Rxa1 32. Rxa1 Qe4 33. Qd3 Ra8 34. Rxa8+ Bxa8
35. Qb3 Qb7 36. Bg3 Qc6 37. Kh2 g5 38. Kg1 cxd4 39. exd4 gxh4 40. Bxh4 Qe4 41.
Bf2 Ng5 42. d5 exd5 43. Qxb4 d4 44. Qb8+ Kg7 45. Qa7+ Kg6 46. Qxd4 Nh3+ 47. Kh2
Nxf2 48. Qxf2 Qxe5+ 49. Qg3+ Kf6 50. Kh3 Qxg3+ 51. Kxg3 1/2-1/2

[Event "VIII MIEDZYNARODOWY TURNIEJ SZACHOWY - GORA SW. ANNY - Open B"]
[Site "GORA SW. ANNY"]
[Date "1899-12-30"]
[Round "4.19"]
[White "Rogacka, Natalia"]
[Black "Czaplewska, Klara"]
[Result "1-0"]
[WhiteTitle "II+"]
[BlackTitle "I++"]
[WhiteElo "1481"]
[BlackElo "1720"]

1. e4 e5 2. Nc3 Nc6 3. f4 d6 4. Nf3 exf4 5. Bb5 Bd7 6. d4 Nge7 7. Bxf4 g6 8. d5
Nb4 9. a3 Bxb5 10. Nxb5 Na6 11. e5 Nf5 12. O-O Bg7 13. exd6 cxd6 14. Re1+ Kf8
15. Kh1 Bxb2 16. Rb1 Bf6 17. g4 g5 18. Bxg5 Bxg5 19. Nxg5 Qxg5 20. gxf5 Rg8 21.
Rg1 Qxg1+ 22. Qxg1 Rxg1+ 23. Kxg1 Ke7 24. Re1+ Kd7 25. f6 Rg8+ 26. Kh1 Rg5 27.
Re7+ Kd8 28. Nxd6 Rxd5 29. Nxf7+ Kc8 30. Ne5 Kd8 31. Nf7+ Kc8 32. Ne5 Kd8 33.
Nd3 Rd7 34. Rg7 Ke8 35. Ne5 1-0

[Event "VIII MIEDZYNARODOWY TURNIEJ SZACHOWY - GORA SW. ANNY - Open B"]
[Site "GORA SW. ANNY"]
[Date "1899-12-30"]
[Round "4.20"]
[White "Marko, Piotr"]
[Black "Majocha, Piotr"]
[Result "1/2-1/2"]
[WhiteTitle "II+"]
[BlackTitle "II"]
[WhiteElo "1704"]
[BlackElo "1475"]

1. e4 e6 2. d4 d5 3. Nd2 Nf6 4. e5 Nfd7 5. Bd3 c5 6. c3 Nc6 7. Ne2 cxd4 8. cxd4
Be7 9. O-O O-O 10. Nf3 Re8 11. Qc2 Nf8 12. a3 Bd7 13. Bd2 Rc8 14. Qb3 Qb6 15.
Qxb6 axb6 16. Rac1 Na5 17. Bxa5 bxa5 18. Nc3 Ng6 19. g3 b6 20. Nb5 Rxc1 21. Rxc1
Rc8 22. Rxc8+ Bxc8 23. Nd2 Ba6 24. Nb1 Bxb5 25. Bxb5 f6 26. f4 fxe5 27. fxe5 Bg5
28. Kf2 Bc1 29. b3 Ne7 30. g4 h6 31. a4 Bb2 32. Ke3 h5 33. Nd2 Bc1 34. Kd3 Bxd2
35. Kxd2 Ng6 36. Kc3 Nf4 37. b4 Kf7 38. bxa5 bxa5 39. Kd2 Ke7 40. Ke3 Ng2+ 41.
Kf2 Nf4 42. Bf1 Kf7 43. Kf3 1/2-1/2

[Event "VIII MIEDZYNARODOWY TURNIEJ SZACHOWY - GORA SW. ANNY - Open B"]
[Site "GORA SW. ANNY"]
[Date "1899-12-30"]
[Round "4.21"]
[White "Tkaczyk, Weronika"]
[Black "Parol, Pola"]
[Result "0-1"]
[WhiteTitle "I"]
[BlackTitle "I++"]
[WhiteElo "1464"]
[BlackElo "1672"]

1. e4 d6 2. d4 Nf6 3. Nc3 g6 4. Nf3 Bg7 5. Bf4 O-O 6. Bd3 c5 7. d5 a6 8. a4 Nh5
9. Bd2 e5 10. Ne2 f5 11. Ng3 fxe4 12. Nxe4 Nf4 13. Bxf4 exf4 14. c3 Re8 15. O-O
Bg4 16. h3 Bh5 17. g4 fxg3 18. fxg3 c4 19. Bc2 Qd7 20. Kh2 Bxf3 21. Rxf3 Qe7 22.
Qf1 Nd7 23. Re1 Ne5 24. Nf6+ Bxf6 25. Rxf6 Kg7 26. Re6 Qd8 27. Rxe8 Qxe8 28. Re4
Qg8 29. Qd1 Qd8 30. h4 Qb6 31. Qe2 Rf8 32. Rf4 Qxb2 33. Rxf8 Kxf8 34. Qf2+ Kg7
35. Kh3 Qxc3 36. Bd1 Qd3 37. Bc2 Qxd5 38. Qe1 Qe6+ 39. Kg2 Qg4 40. Bd1 Qd4 41.
Bf3 b5 42. axb5 axb5 43. h5 c3 44. hxg6 hxg6 45. Kh3 b4 46. Bd1 Qc4 47. Be2 0-1

[Event "VIII MIEDZYNARODOWY TURNIEJ SZACHOWY - GORA SW. ANNY - Open B"]
[Site "GORA SW. ANNY"]
[Date "1899-12-30"]
[Round "4.22"]
[White "Charczenko, Dominik"]
[Black "Kotula, Magdalena"]
[Result "1/2-1/2"]
[WhiteTitle "III"]
[BlackTitle "I+"]
[WhiteElo "1444"]
[BlackElo "1594"]

1. d4 Nf6 2. c4 g6 3. Nc3 Bg7 4. Nf3 d6 5. e4 O-O 6. Be2 Nbd7 7. O-O h6 8. Be3
e5 9. d5 Nh5 10. Qd2 Kh7 11. h3 f5 12. exf5 Rxf5 13. g4 Rxf3 14. Bxf3 Qf6 15.
Bg2 Nf4 16. Bxf4 exf4 17. Ne4 Qf8 18. f3 Ne5 19. Rac1 b6 20. b3 Bd7 21. a4 Qe7
22. Nf2 Qg5 23. Nd3 Rf8 24. Nxe5 Bxe5 25. Rce1 Qf6 26. Re4 Qh4 27. Rfe1 Qf6 28.
Qe2 Re8 29. Kh1 Qh4 30. Qd2 Qg3 31. Kg1 Qh4 32. Qf2 Qf6 33. Qe2 Qh4 34. Qf2 Qf6
35. Qe2 Qh4 36. Qf2 1/2-1/2

[Event "VIII MIEDZYNARODOWY TURNIEJ SZACHOWY - GORA SW. ANNY - Open B"]
[Site "GORA SW. ANNY"]
[Date "1899-12-30"]
[Round "4.26"]
[White "Milczarek, Pawel"]
[Black "Stolarski, Adam"]
[Result "0-1"]
[WhiteTitle "III"]
[BlackTitle "II"]
[WhiteElo "1360"]
[BlackElo "1423"]

1. e4 e5 2. Nf3 Nc6 3. d4 exd4 4. Bc4 Bc5 5. c3 Nf6 6. e5 d5 7. exf6 dxc4 8. cxd4
Nxd4 9. Nxd4 Qxd4 10. Qxd4 Bxd4 11. fxg7 Bxg7 12. O-O Be6 13. Na3 O-O-O 14. Nb5
a6 15. Nc3 Bxc3 16. bxc3 Rd3 17. Bb2 Rhd8 18. h3 Rd2 19. Ba3 Rc2 20. Bb4 Rb2 21.
a4 Bf5 22. Rfe1 Rdd2 23. Rad1 Bd3 24. Rc1 b6 25. Rcd1 c5 26. Ba3 Ra2 27. Ra1 Rdc2
28. Rxa2 Rxa2 29. Bc1 0-1

[Event "VIII MIEDZYNARODOWY TURNIEJ SZACHOWY - GORA SW. ANNY - Open B"]
[Site "GORA SW. ANNY"]
[Date "1899-12-30"]
[Round "4.27"]
[White "Szotkowski, David"]
[Black "Majocha, Tomasz"]
[Result "1-0"]
[WhiteTitle "III"]
[BlackTitle "III"]
[WhiteElo "1527"]
[BlackElo "1244"]

1. c4 e5 2. Nc3 Nf6 3. g3 d5 4. cxd5 Nxd5 5. Bg2 c6 6. Nf3 Bd6 7. O-O O-O 8. d3
Be6 9. Bd2 Nd7 10. Ne4 Bc7 11. Bc3 Nxc3 12. bxc3 f5 13. Neg5 Qf6 14. Nxe6 Qxe6
15. Rb1 b6 16. Ng5 Qf6 17. Qb3+ Kh8 18. Ne6 Nc5 19. Nxc5 bxc5 20. Qb7 Bb6 21.
Qxc6 Qxc6 22. Bxc6 Rad8 23. c4 Rf6 24. Bd5 g5 25. e3 Rg6 26. f4 exf4 27. exf4
g4 28. Rfe1 Rf8 29. Re5 Bc7 30. Re7 Bb6 31. Rbe1 Rgf6 32. Rd7 Rh6 33. Ree7 Bd8
34. Rf7 Rxf7 35. Rxf7 Rf6 36. Rxa7 h5 37. Ra8 Rf8 38. a4 Kg7 1-0

[Event "VIII MIEDZYNARODOWY TURNIEJ SZACHOWY - GORA SW. ANNY - Open B"]
[Site "GORA SW. ANNY"]
[Date "1899-12-30"]
[Round "4.28"]
[White "Jacek, Nikola"]
[Black "Ostrowski, Zdzislaw"]
[Result "0-1"]
[WhiteTitle "II+"]
[BlackTitle "II"]
[WhiteElo "1228"]
[BlackElo "1253"]

1. e4 e5 2. Nf3 Nc6 3. Nc3 Nf6 4. d4 d5 5. dxe5 Nxe4 6. Nxd5 Bg4 7. Be2 Bc5 8.
Qd3 Nxf2 9. Qd2 Nxh1 10. b4 Be7 11. Kf1 Bxf3 12. Bxf3 Bh4 13. Kg1 Ng3 14. Bb2
Nf5 15. Qf4 Nh6 16. e6 Bg5 17. Qg3 O-O 18. exf7+ Rxf7 19. Rd1 Nf5 20. Qe1 Qe8
21. Nc3 Qxe1+ 22. Rxe1 Bf6 23. Bd5 Nd6 24. Bxf7+ Kxf7 25. Rf1 Kg8 26. a3 Nc4 27.
Ba1 Nxa3 28. Nd5 Bxa1 29. Rxa1 Nxc2 30. Rb1 Rc8 31. Rb2 Rd8 32. Rxc2 Rxd5 33.
Re2 Rd7 34. h3 Nxb4 35. Kf2 a5 36. Re3 a4 37. Ra3 b5 38. Ke2 c5 39. Rc3 c4 40.
Ra3 Rd3 41. Ra1 a3 42. Rb1 Rg3 43. Ra1 Rxg2+ 44. Kd1 a2 45. Rc1 Nd3 0-1